[Event "Leipzig VfB op 08th"]
[Site "Leipzig"]
[Date "2001.02.23"]
[Round "6"]
[White "Riedel, Kristina"]
[Black "Werner, Heidi"]
[Result "1/2-1/2"]
[WhiteElo "745"]
[BlackElo "1220"]
[PlyCount "37"]
[EventDate "2001.02.20"]
[EventType "swiss"]
[EventRounds "9"]
[EventCountry "GER"]
[SourceTitle "EXT 2008"]
[Source "ChessBase"]
[SourceDate "2007.11.25"]
[SourceVersion "1"]
[SourceVersionDate "2007.11.25"]
[SourceQuality "1"]

1. e4 c6 2. d4 d5 3. exd5 cxd5 4. c4 Nc6 5. Nf3 Nf6 6. Nc3 Bg4 7. Be3 e6 8. b3 Bb4 9. Bd2 0-0 10. Be2 Bxf3 11. Bxf3 Nxd4 12. 0-0 Nxf3+ 13. Qxf3 h6 14. Rad1 Bd6 15. Kh1 dxc4 16. bxc4 Qe7 17. Ne4 Be5 18. Rb1 Rfd8 19. Be3 1/2-1/2

[Event "Leipzig VfB op 08th"]
[Site "Leipzig"]
[Date "2001.02.21"]
[Round "2"]
[White "Werner, Heidi"]
[Black "Bruns, Patrick"]
[Result "0-1"]
[WhiteElo "1220"]
[BlackElo "1723"]
[PlyCount "74"]
[EventDate "2001.02.20"]
[EventType "swiss"]
[EventRounds "9"]
[EventCountry "GER"]
[SourceTitle "EXT 2008"]
[Source "ChessBase"]
[SourceDate "2007.11.25"]
[SourceVersion "1"]
[SourceVersionDate "2007.11.25"]
[SourceQuality "1"]

1. d4 Nf6 2. c4 c5 3. Nf3 cxd4 4. Nxd4 e5 5. Nf5 d5 6. Ng3 Bc5 7. e3 0-0 8. Be2 Nc6 9. cxd5 Bb4+ 10. Bd2 Qxd5 11. 0-0 e4 12. Bxb4 Nxb4 13. Nc3 Qe5 14. a3 Nc6 15. Qc2 Bf5 16. Rfd1 Bg6 17. Rd2 Rad8 18. Rad1 a6 19. Rxd8 Rxd8 20. Rxd8+ Nxd8 21. Na4 h5 22. h4 Kh7 23. Nc5 Qc7 24. Bd1 Qc6 25. b4 Qd5 26. Ne2 Ne6 27. Nxe6 Qxe6 28. Nf4 Qe7 29. Qc4 Qd8 30. Qc2 Kh6 31. Nh3 Qd3 32. Nf4 Qxa3 33. Qc5 Qb2 34. Be2 Qd2 35. Qg5+ Kh7 36. g4 Nxg4 37. Qxg4 hxg4 0-1